| 000 -LEADER |
| fixed length control field |
00415nam a22001337a 4500 |
| 003 - CONTROL NUMBER IDENTIFIER |
| control field |
OSt |
| 008 - FIXED-LENGTH DATA ELEMENTS--GENERAL INFORMATION |
| fixed length control field |
150420b xxu||||| |||| 00| 0 eng d |
| 041 ## - LANGUAGE CODE |
| Language code of text/sound track or separate title |
eng |
| 100 1# - MAIN ENTRY--PERSONAL NAME |
| Personal name |
American Philatelic Society |
| 245 10 - TITLE STATEMENT |
| Title |
The Chatham Square Post Office and Swarts City Dispatch Post |
| 246 10 - VARYING FORM OF TITLE |
| Title proper/short title |
Authentic Stamps, Reprints, Forgeries, Postmarks |
| 260 ## - PUBLICATION, DISTRIBUTION, ETC. (IMPRINT) |
| Place of publication, distribution, etc. |
State College, Pa |
| Name of publisher, distributor, etc. |
American Philatelic Society |
| 300 ## - PHYSICAL DESCRIPTION |
| Extent |
0 pages |